WRC Drivers Champions - Statistics

General Stats
  • This quiz has been taken 1,383 times
    510 since last reset
  • The average score is 12 of 22
Answer Stats
Answer % Correct
Sebastien Loeb
95%
Sebastien Ogier
95%
Kalle Rovanpera
82%
Colin McRae
81%
Ott Tanak
80%
Thierry Neuville
77%
Carlos Sainz
76%
Tommi Makinen
67%
Peter Solberg
60%
Richard Burns
59%
Marcus Gronholm
56%
Juha Kankkunen
52%
Walter Rohrl
51%
Ari Vatanen
46%
Didier Auriol
38%
Hannu Mikkola
30%
Markku Alen
29%
Miki Biasion
29%
Stig Blomqvist
29%
Timo Salonen
26%
Bjorn Waldegard
19%
Sandro Munari
19%
No matching quizzes found
Score Distribution
Percent of People with Each Score
Percentile by Number Answered
Your Score History
You have not taken this quiz since the last reset